| 000 | 01278cam a2200385Ka 4500 | ||
|---|---|---|---|
| 001 | 93357 | ||
| 005 | 20230411090051.0 | ||
| 008 | 100322s2010 sp r 000 0 spa d | ||
| 035 | _a(OCoLC)ocn630676348 | ||
| 040 |
_aESUDE _bspa _cESUDE _dI5B _dPL# _dUIA |
||
| 017 | _aD.L.S.238-2010 | ||
| 019 | _a610822351 | ||
| 020 | _a9788498791242 | ||
| 020 | _a8498791243 | ||
| 035 |
_a(OCoLC)630676348 _z(OCoLC)610822351 |
||
| 080 | _a347.962(460) | ||
| 090 | 0 | 0 |
_aKKT 1610 _bN677m 2010 |
| 049 | _aGRAL | ||
| 100 | 1 |
_aNieto, Alejandro, _d1930-. |
|
| 245 | 1 | 3 |
_aEl malestar de los jueces y el modelo judicial / _cAlejandro Nieto. |
| 260 |
_aMadrid : _bTrotta : _bFundación Alonso Martín Escudero, _c2010 |
||
| 300 |
_a189 p. ; _c24 cm. |
||
| 440 | 0 | _aColección Estructuras y procesos. Serie Derecho | |
| 650 | 0 |
_ajudges _zSpain. |
|
| 650 | 4 |
_aJueces _zEspaña. |
|
| 650 | 4 |
_aPolítica y poder judicial _zEspaña. |
|
| 650 | 4 |
_aAdministración de justicia _zEspaña. |
|
| 650 | 4 |
_aPoder judicial _zEspaña. |
|
| 830 | 0 |
_aColección Estructuras y procesos. _pSerie Derecho. |
|
| 938 |
_aIberbook International S.L. _bIBER _nIB 100003212 _cUSD28,60 |
||
| 938 |
_aPuvill Libros _bPUVL _n9788498791242 _c$31.96 |
||
| 942 |
_2lcc _cbk |
||
| 946 | _asadt | ||
| 994 |
_aC0 _bDRFGD |
||
| 999 |
_c111915 _d111915 |
||